University Home | Library Home | Institutional Repository

Contribution a l'ethnographie des Kuta. (Record no. 84484)

MARC details
000 -LEADER
fixed length control field 00667cam3a220021700 4500
001 - CONTROL NUMBER
control field tmp15413900
003 - CONTROL NUMBER IDENTIFIER
control field UPRA
005 - DATE AND TIME OF LATEST TRANSACTION
control field 20190816095510.0
008 - FIXED-LENGTH DATA ELEMENTS--GENERAL INFORMATION
fixed length control field 950809s1953 sw eng u
035 ## - SYSTEM CONTROL NUMBER
System control number (Sirsi) r38758
035 ## - SYSTEM CONTROL NUMBER
System control number (UPRA)tmp15413900
040 ## - CATALOGING SOURCE
Transcribing agency UPRA
100 1# - MAIN ENTRY--PERSONAL NAME
Personal name Anderson, Efraim.
Linkage A100189.1
245 10 - TITLE STATEMENT
Title Contribution a l'ethnographie des Kuta.
Number of part/section of a work I.
260 ## - PUBLICATION, DISTRIBUTION, ETC.
Place of publication, distribution, etc. [Uppsala :
Name of publisher, distributor, etc. Aluqvist & Wiksells Boktryckeri],
Date of publication, distribution, etc. 1953.
440 #0 - SERIES STATEMENT/ADDED ENTRY--TITLE
Title Studia ethnographica upsaliensia ;
Volume/sequential designation 6
Linkage S5364.2
504 ## - BIBLIOGRAPHY, ETC. NOTE
Bibliography, etc. note Bibliography: p. xvi-xxiii.
650 #0 - SUBJECT ADDED ENTRY--TOPICAL TERM
Topical term or geographic name entry element Kota (African people)
Linkage S6329.1
949 ## - LOCAL PROCESSING INFORMATION (OCLC)
a DT650
w lcc
i -46416
m MAIN
t BOOK
l ON-SHELF

No items available.

© 2026 - The University of Zambia Library - Koha v25.11